000 00699cam a22002413a 4500
001 2504
003 PGUSA
005 20140828083015.0
008 010201s2001||||xxu|||||s|||||000 | eng d
040 _aPGUSA
_beng
042 _adc
050 4 _aF850.5
100 1 _aBancroft, Hubert Howe,
_d1832-1918
245 1 0 _aSome Cities and San Francisco, and Resurgam
_h[electronic resource] /
_cHubert Howe Bancroft
260 _bProject Gutenberg,
_c2001
506 _aPublic domain in the USA.
516 _aElectronic text
653 _aCities and towns
653 _aSan Francisco (Calif.)
830 0 _aProject Gutenberg
_v2504
856 4 0 _uhttp://www.gutenberg.org/ebooks/2504
942 _cEB
999 _c231841
_d231841